| 000 | 01147nam a22002057a 4500 | ||
|---|---|---|---|
| 003 | JO-AjAnu | ||
| 005 | 20240605112007.0 | ||
| 008 | 240311b jo ||||| |||| 00| 0 ara d | ||
| 040 |
_aJO-AjAnu _bara _cJO-AjAnu _dJO-AjAnu |
||
| 041 |
_aara _hara |
||
| 050 |
_aLC4704.87 _b2024 |
||
| 100 |
_aالقواسمة، لينا علي _eاعداد _965048 |
||
| 245 |
_aفاعلية إستراتيجية(K.W.L) في تحسين الفهم القرائي لدى الطلبة ذوي صعوبات التعلم = The Effectiveness of ( K.W.L) Strategy in Improving Reading Comprehension Among Students with Learning Disabilities / _cاعداد لينا على القواسمة ؛ اشراف ريم عبدالله الكناني |
||
| 260 | _c2024 | ||
| 300 | _a111 ورقة | ||
| 500 | _aرسالة جامعية (ماجستير في التربية الخاصة) - (جامعة عجلون) كلية العلوم التربوية،صعوبات التعلم،(عجلون،الاردن)،2024 | ||
| 650 | 0 |
_aصعوبات القراءة-صعوبات التعلم _965052 |
|
| 700 |
_aالكناني، ريم عبدالله _eمشرف _964923 |
||
| 942 |
_2lcc _cTHS _n0 |
||
| 999 |
_c33310 _d33310 |
||